[Event "23. Schweinfurt Open"]
[Site "Schweinfurt"]
[Date "2013.05.30"]
[Round "2.18"]
[White "Wiener, Horst"]
[Black "Ziegler, Michael"]
[Result "0-1"]
[WhiteElo "1909"]
[BlackElo "2151"]
[PlyCount "91"]
[EventDate "2013.05.30"]
[Source "SK SW 2000"]
[SourceDate "2013.06.02"]

1. d4 g6 2. e4 Bg7 3. Nf3 d6 4. Bc4 c6 5. Nc3 b5 6. Bb3 a5 7. a4 b4 8. Ne2 Ba6
9. Be3 Nd7 10. Ng5 e6 11. Bxe6 fxe6 12. Nxe6 Qc8 13. Nxg7+ Kf7 14. Nf5 gxf5 15.
Ng3 Ndf6 16. Nxf5 Qe6 17. Qf3 Ne7 18. Nxd6+ Qxd6 19. e5 Qe6 20. exf6 Qxf6 21.
Qh5+ Qg6 22. Qf3+ Qf5 23. Qxf5+ Nxf5 24. O-O-O Bc4 25. Bf4 Rhg8 26. Rhg1 Rad8
27. Be5 Bd5 28. g3 Rd7 29. Rge1 Rgd8 30. b3 Bg2 31. Rg1 Bf3 32. Rd3 Be4 33. Rd2
Nxd4 34. Bxd4 Rxd4 35. Rxd4 Rxd4 36. f4 Kf6 37. Re1 Kf5 38. Re3 c5 39. c3 Rd6
40. h3 Rc6 41. Kb2 Rd6 42. Kc1 h6 43. cxb4 cxb4 44. g4+ Kxf4 45. Re1 Rd3 46.
Rf1+ 0-1

[Event "23. Schweinfurt Open"]
[Site "Schweinfurt"]
[Date "2013.05.30"]
[Round "2.19"]
[White "Hanft, Günter"]
[Black "Müller, Kai"]
[Result "0-1"]
[WhiteElo "1615"]
[BlackElo "1481"]
[PlyCount "62"]
[EventDate "2013.05.30"]
[Source "SK SW 2000"]
[SourceDate "2013.06.02"]

1. e4 c5 2. f4 d6 3. Nf3 Nf6 4. Nc3 e6 5. d4 cxd4 6. Nxd4 Nc6 7. Bc4 Nxe4 8.
Nde2 Nxc3 9. Nxc3 d5 10. Be2 a6 11. a3 Bc5 12. Qd3 O-O 13. Bd2 b5 14. O-O-O b4
15. axb4 Nxb4 16. Qg3 Qa5 17. Be3 Qb6 18. Bxc5 Qxc5 19. Bd3 Bd7 20. Rhf1 f5 21.
Rf2 d4 22. Nb1 Nd5 23. Re2 Ne3 24. Rde1 Rfc8 25. Qf2 Bb5 26. Bxb5 axb5 27. Rxe3
dxe3 28. Rxe3 Ra4 29. g3 Re4 30. Re2 Qxf2 31. Rxf2 Re1+ 0-1

[Event "23. Schweinfurt Open"]
[Site "Schweinfurt"]
[Date "2013.05.30"]
[Round "2.20"]
[White "Bebersdorf, Claus"]
[Black "Albert, Samuel"]
[Result "1-0"]
[WhiteElo "1991"]
[BlackElo "1272"]
[PlyCount "85"]
[EventDate "2013.05.30"]
[Source "SK SW 2000"]
[SourceDate "2013.06.02"]

1. e4 e6 2. d4 d5 3. exd5 exd5 4. Bd3 c5 5. Qe2+ Be6 6. dxc5 Bxc5 7. Bf5 Qe7 8.
Bxe6 Qxe6 9. Qxe6+ fxe6 10. Nf3 Nc6 11. O-O Nf6 12. Re1 Ne4 13. Be3 Bxe3 14.
Rxe3 O-O 15. Nbd2 Nxd2 16. Nxd2 Nd4 17. Rc1 Rfe8 18. c3 Nc6 19. Nf3 e5 20. Rce1
e4 21. Nd2 Rad8 22. f3 d4 23. cxd4 Nb4 24. Rxe4 Rxe4 25. Rxe4 Nxa2 26. Nb3 Nb4
27. Re7 Rb8 28. Nc5 b6 29. Ne6 a5 30. Rxg7+ Kh8 31. Rd7 Re8 32. d5 Nxd5 33.
Rxd5 Rxe6 34. Rb5 Kg7 35. Kf2 Kg6 36. g4 Kf6 37. f4 Rc6 38. Kg3 h6 39. h4 Rd6
40. g5+ Kg6 41. Kg4 h5+ 42. Kf3 Re6 43. f5+ 1-0

[Event "23. Schweinfurt Open"]
[Site "Schweinfurt"]
[Date "2013.05.30"]
[Round "2.21"]
[White "Memmel, Stefan"]
[Black "Klüber, Werner"]
[Result "0-1"]
[WhiteElo "1278"]
[BlackElo "1958"]
[PlyCount "118"]
[EventDate "2013.05.30"]
[Source "SK SW 2000"]
[SourceDate "2013.06.02"]

1. e4 g6 2. d4 Bg7 3. Nf3 d6 4. Bc4 Nf6 5. Nbd2 O-O 6. O-O c6 7. Re1 Nbd7 8. a3
e5 9. Nb3 Qc7 10. dxe5 Nxe5 11. Bd3 Bg4 12. Nbd2 Rad8 13. b3 Rfe8 14. Bb2 Nfd7
15. Rb1 Nc5 16. Be2 Nxf3+ 17. Bxf3 Bxf3 18. Qxf3 Bxb2 19. Rxb2 d5 20. Rbb1 dxe4
21. Nxe4 Nxe4 22. Rxe4 Rxe4 23. Qxe4 Qd6 24. Qe1 Qxa3 25. f3 Qc5+ 26. Qf2 Qxf2+
27. Kxf2 Rd2+ 28. Kf1 Rxc2 29. Rd1 Rb2 30. Rd3 Kg7 31. h4 c5 32. Rc3 b6 33. g3
h5 34. f4 a5 35. Ke1 Ra2 36. Kd1 a4 37. Kc1 a3 38. Kb1 Rb2+ 39. Kc1 Kf6 40. Re3
Rg2 41. Kb1 Rb2+ 42. Kc1 b5 43. Rc3 b4 44. Re3 Rg2 45. Kb1 Rd2 46. Kc1 Rd4 47.
Kb1 c4 48. bxc4 Rxc4 49. Rb3 Re4 50. Ka1 Ke6 51. Rd3 Rc4 52. Rb3 Kd5 53. Kb1
Re4 54. Ka2 Kc4 55. Rf3 Re2+ 56. Ka1 b3 57. Rf1 Kc3 58. Rc1+ Kd2 59. Rb1 Re1
0-1

[Event "23. Schweinfurt Open"]
[Site "Schweinfurt"]
[Date "2013.05.30"]
[Round "2.22"]
[White "Hegel, Pius"]
[Black "Engelbrecht, Klaus"]
[Result "1-0"]
[WhiteElo "1719"]
[BlackElo "1247"]
[PlyCount "45"]
[EventDate "2013.05.30"]
[Source "SK SW 2000"]
[SourceDate "2013.06.02"]

1. Nf3 Nc6 2. d4 d5 3. Bf4 e6 4. e3 Bd6 5. Bb5 Nge7 6. O-O Bxf4 7. exf4 a6 8.
Bd3 b6 9. c3 Bb7 10. Nbd2 Qd6 11. Ne5 Nxe5 12. fxe5 Qd7 13. f4 O-O-O 14. Qe2 b5
15. Nb3 Kb8 16. Nc5 Qc8 17. a4 c6 18. axb5 cxb5 19. Ra2 Nc6 20. Rfa1 b4 21.
Bxa6 Rd7 22. Bxb7 Rxb7 23. Ra8+ 1-0

[Event "23. Schweinfurt Open"]
[Site "Schweinfurt"]
[Date "2013.05.30"]
[Round "2.23"]
[White "Gerhard, Georg"]
[Black "Itze, Jan-Peter"]
[Result "0-1"]
[WhiteElo "1269"]
[BlackElo "1715"]
[PlyCount "36"]
[EventDate "2013.05.30"]
[Source "SK SW 2000"]
[SourceDate "2013.06.02"]

1. e4 c6 2. d4 d5 3. exd5 cxd5 4. c4 dxc4 5. Bxc4 e6 6. Nf3 Nc6 7. O-O Bd6 8.
Re1 Nge7 9. Bd3 Qc7 10. g3 b6 11. Nc3 Bb7 12. Nb5 Qd7 13. Nxd6+ Qxd6 14. Bf4
Qd7 15. Ne5 Qxd4 16. Qg4 Nxe5 17. Qxg7 Nf3+ 18. Kf1 Nxh2+ 0-1

[Event "23. Schweinfurt Open"]
[Site "Schweinfurt"]
[Date "2013.05.30"]
[Round "2.24"]
[White "Trinkwalter, Jan"]
[Black "Brückner, Alexander"]
[Result "1-0"]
[WhiteElo "1688"]
[BlackElo "1202"]
[PlyCount "125"]
[EventDate "2013.05.30"]
[Source "SK SW 2000"]
[SourceDate "2013.06.02"]

1. f4 d5 2. Nf3 Nc6 3. e3 Nf6 4. Bb5 Bd7 5. b3 a6 6. Bxc6 Bxc6 7. Bb2 e6 8. d3
Be7 9. Nbd2 O-O 10. Ne5 Qd6 11. O-O Rfd8 12. a4 Nd7 13. Ba3 Nc5 14. d4 Re8 15.
Bxc5 Qd8 16. Bxe7 Qxe7 17. Nxc6 bxc6 18. Nf3 f6 19. Qd3 Reb8 20. Qc3 Qd6 21.
Qc5 Rb4 22. Qxd6 cxd6 23. Ne1 Rb6 24. Nd3 a5 25. f5 Re8 26. Rae1 Kf7 27. fxe6+
Rxe6 28. Re2 Rb7 29. Rf3 Rbe7 30. Kf2 Rb7 31. Rh3 Kg8 32. Rh4 Re4 33. Rxe4 dxe4
34. Nb2 d5 35. Ke1 Kf7 36. Kd2 Ke6 37. Nd1 Kd6 38. Kc3 Ke6 39. Nf2 Kf5 40. Kb2
Rb6 41. Ka3 Ke6 42. c3 Kd6 43. b4 Ra6 44. b5 Rb6 45. Rb2 c5 46. dxc5+ Kxc5 47.
Kb3 Rb7 48. Rd2 Rb6 49. Nh3 g5 50. Rd4 Rd6 51. Nf2 h5 52. c4 dxc4+ 53. Rxc4+
Kb6 54. Rxe4 Kc5 55. Rc4+ Kb6 56. Rc6+ Rxc6 57. bxc6 Kxc6 58. Kc4 Kb6 59. Ne4
f5 60. Nxg5 Kc6 61. e4 fxe4 62. Nxe4 Kb6 63. h4 1-0

[Event "23. Schweinfurt Open"]
[Site "Schweinfurt"]
[Date "2013.05.30"]
[Round "2.25"]
[White "Li, Simon"]
[Black "Malchau, Jochen"]
[Result "1/2-1/2"]
[WhiteElo "1223"]
[BlackElo "1635"]
[PlyCount "57"]
[EventDate "2013.05.30"]
[Source "SK SW 2000"]
[SourceDate "2013.06.02"]

1. e4 e5 2. Nf3 Nf6 3. Nxe5 d6 4. Nf3 Nxe4 5. Nc3 Nxc3 6. dxc3 Be7 7. Be3 Nc6
8. Qd2 Be6 9. O-O-O Qd7 10. Bb5 a6 11. Bd3 O-O-O 12. Nd4 Nxd4 13. Bxd4 Qa4 14.
a3 d5 15. Qe2 Bg5+ 16. Kb1 Bf6 17. Bxf6 gxf6 18. Qf3 Qh4 19. Bf5 Kb8 20. g3 Qg5
21. Bxe6 fxe6 22. Rhe1 Rhe8 23. h4 Qg7 24. c4 c6 25. cxd5 exd5 26. Qf4+ Ka8 27.
Qd4 Qg6 28. Qb6 Qf7 29. Re3 1/2-1/2

[Event "23. Schweinfurt Open"]
[Site "Schweinfurt"]
[Date "2013.05.30"]
[Round "2.26"]
[White "Leeb, Christian"]
[Black "Lachnit, Manfred"]
[Result "0-1"]
[WhiteElo "1164"]
[BlackElo "1613"]
[PlyCount "54"]
[EventDate "2013.05.30"]
[Source "SK SW 2000"]
[SourceDate "2013.06.02"]

1. c4 e5 2. g3 Nc6 3. Bg2 Bc5 4. Nc3 d6 5. e3 a6 6. b3 Nf6 7. Bb2 Bg4 8. Nge2
O-O 9. O-O Qd7 10. Rc1 Rab8 11. Nd5 Nxd5 12. cxd5 Nb4 13. a3 Nd3 14. Rc2 Nxb2
15. Rxb2 Bxa3 16. Ra2 Bc5 17. d3 f5 18. Qd2 Qb5 19. Qc2 f4 20. Nc3 Qd7 21. Ne4
Bb6 22. d4 fxe3 23. fxe3 Rxf1+ 24. Bxf1 exd4 25. exd4 Bxd4+ 26. Kh1 Rf8 27. Bd3
Bf3+ 0-1

[Event "23. Schweinfurt Open"]
[Site "Schweinfurt"]
[Date "2013.05.30"]
[Round "2.28"]
[White "Scheming, Anna-Marie"]
[Black "Brodt, Andreas"]
[Result "1-0"]
[WhiteElo "1133"]
[BlackElo "1601"]
[PlyCount "117"]
[EventDate "2013.05.30"]
[Source "SK SW 2000"]
[SourceDate "2013.06.02"]

1. d4 Nf6 2. Bf4 e6 3. e3 Be7 4. Be2 h6 5. h3 Nd5 6. Bh2 Bg5 7. Nf3 Bf6 8. O-O
d6 9. c3 a6 10. Nbd2 g5 11. e4 Nf4 12. Nc4 b5 13. Ne3 e5 14. dxe5 dxe5 15.
Qxd8+ Kxd8 16. Bxf4 gxf4 17. Rad1+ Ke8 18. Nd5 Bd8 19. Nxe5 f6 20. Bh5+ Kf8 21.
Ng6+ Kg7 22. Nxh8 Kxh8 23. Nxf4 Nc6 24. Rd3 Bb7 25. Rg3 Ne5 26. Ng6+ Nxg6 27.
Rxg6 Kh7 28. Rd1 Bc6 29. e5 Be8 30. Rg3 Bxh5 31. Rd7+ Kh8 32. Rdg7 Be7 33. Rxe7
fxe5 34. Rxe5 Bf7 35. Re7 Rf8 36. Rxc7 h5 37. Rc6 Kh7 38. Rxa6 h4 39. Rg4 Re8
40. Rxh4+ Kg7 41. Ra7 Re1+ 42. Kh2 Re6 43. Rg4+ Kf8 44. Rf4 Re7 45. Rxe7 Kxe7
46. h4 Bxa2 47. h5 Bb1 48. h6 Bd3 49. g4 Bg6 50. g5 Bh7 51. Rg4 Bg6 52. Rb4 Kf7
53. Rxb5 Bd3 54. Rb7+ Kg8 55. Kg3 Be4 56. Rc7 Kh8 57. Kf4 Bg6 58. Ke5 Bh5 59.
g6 1-0

[Event "23. Schweinfurt Open"]
[Site "Schweinfurt"]
[Date "2013.05.30"]
[Round "2.29"]
[White "Roth, Jakob"]
[Black "Renner, Guenter"]
[Result "1-0"]
[WhiteElo "1582"]
[BlackElo "1092"]
[PlyCount "41"]
[EventDate "2013.05.30"]
[Source "SK SW 2000"]
[SourceDate "2013.06.02"]

1. b3 e5 2. Bb2 Nc6 3. e3 d5 4. Bb5 f6 5. Ne2 Bd7 6. O-O a6 7. Bxc6 Bxc6 8. f4
e4 9. Nd4 Ne7 10. Ne6 Qd6 11. f5 Bd7 12. Qh5+ g6 13. fxg6 Qxe6 14. g7+ Ng6 15.
gxh8=Q O-O-O 16. Qxf6 Qg8 17. Qf7 Qxf7 18. Rxf7 h6 19. Qxg6 b6 20. Qh7 a5 21.
Bf6 1-0

[Event "23. Schweinfurt Open"]
[Site "Schweinfurt"]
[Date "2013.05.30"]
[Round "2.30"]
[White "Roth, Ludwig"]
[Black "Hofmann-Weippert, Matthias"]
[Result "1/2-1/2"]
[WhiteElo "985"]
[BlackElo "1555"]
[PlyCount "57"]
[EventDate "2013.05.30"]
[Source "SK SW 2000"]
[SourceDate "2013.06.02"]

1. e4 c5 2. Nf3 d6 3. d4 cxd4 4. Nxd4 Nf6 5. Nc3 e5 6. Nb3 Nc6 7. Bg5 Be7 8.
Bc4 O-O 9. Qd3 a6 10. a4 Ne8 11. Be3 Na5 12. Nd5 Nxc4 13. Qxc4 Be6 14. Bb6 Bxd5
15. Bxd8 Bxc4 16. Bxe7 Rc8 17. Bxf8 Kxf8 18. Na5 Be6 19. Nxb7 Rxc2 20. O-O Rxb2
21. Rfb1 Re2 22. f3 f5 23. exf5 Bxf5 24. Rb6 Ke7 25. Rd1 Bc2 26. Rd5 Bxa4 27.
Rxa6 Nc7 28. Rdxd6 Nxa6 29. Rxa6 1/2-1/2

[Event "23. Schweinfurt Open"]
[Site "Schweinfurt"]
[Date "2013.05.30"]
[Round "2.31"]
[White "Hartmann, Christian"]
[Black "Lehmann, Andreas"]
[Result "1-0"]
[WhiteElo "1554"]
[BlackElo "974"]
[PlyCount "111"]
[EventDate "2013.05.30"]
[Source "SK SW 2000"]
[SourceDate "2013.06.02"]

1. e4 e5 2. Nf3 d6 3. d4 exd4 4. Nxd4 Nf6 5. Nc3 Bd7 6. Bc4 Nc6 7. a3 Ne5 8.
Ba2 Be7 9. g3 O-O 10. Be3 a6 11. O-O c5 12. Nde2 b5 13. Bd5 Bc6 14. Bxc6 Nxc6
15. Nd5 Nxd5 16. Qxd5 Ne5 17. b3 Bf6 18. Rad1 c4 19. Qxd6 Qxd6 20. Rxd6 Rfd8
21. Rfd1 Rxd6 22. Rxd6 Be7 23. Rd5 f6 24. f4 Ng4 25. Bc1 Rc8 26. b4 Rd8 27. Nc3
Kf7 28. h3 Nh6 29. g4 g6 30. f5 g5 31. Rxd8 Bxd8 32. Nd5 Ng8 33. Bb2 Be7 34.
Nc7 Bd6 35. Nxa6 Ne7 36. Bd4 Ke8 37. Bxf6 Nc6 38. Kf2 Bf4 39. Bb2 Bd2 40. c3
Ne5 41. Ke2 Bf4 42. Nc7+ Kd7 43. Nxb5 Nd3 44. Ba1 Nc1+ 45. Kd1 Nb3 46. Bb2 Nd2
47. e5 Ne4 48. e6+ Ke7 49. Ke2 Ng3+ 50. Kf3 Nf1 51. a4 Nd2+ 52. Kg2 Ne4 53. a5
Nd6 54. Nxd6 Kxd6 55. a6 Kc6 56. a7 1-0

[Event "23. Schweinfurt Open"]
[Site "Schweinfurt"]
[Date "2013.05.30"]
[Round "2.32"]
[White "Gerhard, Philipp"]
[Black "Basel, Moritz"]
[Result "0-1"]
[WhiteElo "841"]
[BlackElo "1525"]
[PlyCount "106"]
[EventDate "2013.05.30"]
[Source "SK SW 2000"]
[SourceDate "2013.06.02"]

1. e4 e5 2. Nf3 Nc6 3. d4 exd4 4. Nxd4 Bc5 5. Be3 Qf6 6. Nxc6 Bxe3 7. fxe3 dxc6
8. Nc3 Ne7 9. Qd2 Bg4 10. Be2 Bxe2 11. Nxe2 Qxb2 12. O-O O-O 13. Rab1 Qxa2 14.
Rxb7 Qe6 15. Ng3 Rfd8 16. Qa5 Rd7 17. Rxc7 Rxc7 18. Qxc7 a5 19. Ra1 a4 20. Qb7
Qc8 21. Qxe7 Qa6 22. Rf1 Qc4 23. Rd1 g6 24. e5 Qxc2 25. Rd7 Qc4 26. Ne4 Qe6 27.
Qxe6 fxe6 28. Rd6 a3 29. Rd1 Ra5 30. Nc3 Rxe5 31. e4 Rc5 32. Ne2 Rc4 33. Ra1
Rxe4 34. Nc3 Rf4 35. Rxa3 c5 36. Ra6 Rc4 37. Na4 Kf7 38. Ra5 Rc1+ 39. Kf2 Ra1
40. Ke3 Ra2 41. Kf3 c4 42. Ke3 c3 43. Kd3 c2 44. Rc5 Rxa4 45. Rxc2 Kf6 46. h3
Kf5 47. Rc7 h6 48. g4+ Kf6 49. Ke3 Ra3+ 50. Kf4 Rxh3 51. Rc5 Ra3 52. g5+ hxg5+
53. Rxg5 Ra4+ 0-1

[Event "23. Schweinfurt Open"]
[Site "Schweinfurt"]
[Date "2013.05.30"]
[Round "2.33"]
[White "Wolf, Pablo"]
[Black "Raab, Franziska"]
[Result "1-0"]
[WhiteElo "1506"]
[BlackElo "813"]
[PlyCount "97"]
[EventDate "2013.05.30"]
[Source "SK SW 2000"]
[SourceDate "2013.06.02"]

1. e4 e5 2. Nc3 Nf6 3. g3 Nc6 4. Bg2 Bb4 5. Nge2 O-O 6. O-O d6 7. d3 h6 8. h3
Be6 9. f4 Bc5+ 10. Kh2 Bd7 11. Na4 exf4 12. Bxf4 Nh5 13. Nxc5 dxc5 14. Be3 b6
15. Nc3 Nf6 16. Rf2 Qe7 17. Qd2 Kh7 18. Nd5 Nxd5 19. exd5 Qd6 20. dxc6 Bxc6 21.
Bf4 Qd7 22. Bxc6 Qxc6 23. Raf1 f6 24. Re2 Qd7 25. Rfe1 Rf7 26. Qe3 g5 27. Bxg5
hxg5 28. Qe4+ Kh6 29. Qxa8 Kg7 30. Re8 f5 31. Rg8+ Kf6 32. Qd8+ Qxd8 33. Rxd8
g4 34. Rde8 gxh3 35. R8e6+ Kg5 36. Re7 Rf6 37. R1e6 Rxe6 38. Rxe6 Kg4 39. Re7
Kf3 40. Kxh3 f4 41. gxf4 Kxf4 42. Rxc7 Ke3 43. Rxa7 Kd2 44. Ra6 Kxc2 45. Rxb6
Kxd3 46. Rc6 Kc2 47. Rxc5+ Kxb2 48. Kg3 Kxa2 49. Rb5 1-0

[Event "23. Schweinfurt Open"]
[Site "Schweinfurt"]
[Date "2013.05.30"]
[Round "2.35"]
[White "Foitzik, Lukas"]
[Black "Christ, Andreas"]
[Result "1-0"]
[WhiteElo "776"]
[BlackElo "1397"]
[PlyCount "59"]
[EventDate "2013.05.30"]
[Source "SK SW 2000"]
[SourceDate "2013.06.02"]

1. e4 e5 2. Nf3 d6 3. Bc4 Bg4 4. O-O Nc6 5. Nc3 Nd4 6. Be2 Nxe2+ 7. Qxe2 Qf6 8.
Nd5 Qd8 9. d3 c6 10. Ne3 Bh5 11. Nc4 d5 12. Ne3 dxe4 13. dxe4 Nf6 14. Qc4 Bxf3
15. gxf3 Bd6 16. Rd1 Nh5 17. Nf5 O-O 18. Rxd6 Qa5 19. Bd2 Qb6 20. Qc3 Rad8 21.
Ne7+ Kh8 22. Qxe5 Rxd6 23. Qxd6 Rd8 24. Qe5 Rxd2 25. Rf1 Nf6 26. Qg5 Rxc2 27.
Nf5 Ne8 28. Qe7 Nf6 29. Qf8+ Ng8 30. Qxg7# 1-0

[Event "23. Schweinfurt Open"]
[Site "Schweinfurt"]
[Date "2013.05.31"]
[Round "3.1"]
[White "Golda, Harald"]
[Black "Bräutigam, Thomas"]
[Result "1-0"]
[WhiteElo "2332"]
[BlackElo "2116"]
[PlyCount "65"]
[EventDate "2013.05.30"]
[Source "SK SW 2000"]
[SourceDate "2013.06.02"]

1. d4 Nf6 2. Nf3 g6 3. c4 c5 4. d5 e6 5. Nc3 exd5 6. cxd5 d6 7. Nd2 Na6 8. e4
Nc7 9. Bd3 Bg7 10. h3 O-O 11. O-O Rb8 12. a4 b6 13. Re1 a6 14. Nc4 Nfe8 15. Bf4
b5 16. axb5 axb5 17. Na5 Bd7 18. Qd2 b4 19. Nd1 Nb5 20. Nb3 Ra8 21. Ne3 Rxa1
22. Rxa1 Nd4 23. Nxd4 Bxd4 24. Nc4 f5 25. e5 dxe5 26. Nxe5 Nf6 27. Nf3 Nxd5 28.
Nxd4 Nxf4 29. Qxf4 cxd4 30. Bc4+ Kg7 31. Qxd4+ Kh6 32. Rd1 Qc7 33. Qh4+ 1-0

[Event "23. Schweinfurt Open"]
[Site "Schweinfurt"]
[Date "2013.05.31"]
[Round "3.2"]
[White "Neubauer, Jaro"]
[Black "Seidens, Udo"]
[Result "1/2-1/2"]
[WhiteElo "2027"]
[BlackElo "2237"]
[PlyCount "25"]
[EventDate "2013.05.30"]
[Source "SK SW 2000"]
[SourceDate "2013.06.02"]

1. e4 Nf6 2. Nc3 d5 3. e5 Nfd7 4. e6 fxe6 5. d4 g6 6. h4 Nf6 7. h5 gxh5 8. Be2
c5 9. Bxh5+ Kd7 10. Nf3 Nc6 11. Ne5+ Nxe5 12. dxe5 Nxh5 13. Qxh5 1/2-1/2

[Event "23. Schweinfurt Open"]
[Site "Schweinfurt"]
[Date "2013.05.31"]
[Round "3.3"]
[White "Kunz, Konstantin"]
[Black "Gould, Charles"]
[Result "1-0"]
[WhiteElo "2184"]
[BlackElo "1969"]
[PlyCount "55"]
[EventDate "2013.05.30"]
[Source "SK SW 2000"]
[SourceDate "2013.06.02"]

1. d4 d6 2. Nf3 g6 3. c3 Nf6 4. Bf4 Nbd7 5. h3 c6 6. e3 Bg7 7. Be2 O-O 8. Nbd2
Re8 9. Bh2 e5 10. dxe5 Nxe5 11. Nxe5 dxe5 12. O-O Bf5 13. Nc4 Nd5 14. a4 Qe7
15. a5 b5 16. axb6 axb6 17. Qb3 Rxa1 18. Rxa1 Qg5 19. Bg3 Be6 20. Qc2 b5 21.
Nd6 Rd8 22. Nb7 Rb8 23. Nc5 Nxe3 24. Qc1 Bxh3 25. gxh3 f5 26. h4 Qe7 27. Qxe3
Bf8 28. Bxe5 1-0

[Event "23. Schweinfurt Open"]
[Site "Schweinfurt"]
[Date "2013.05.31"]
[Round "3.4"]
[White "von der Linden, Armin"]
[Black "Amtmann, Florian"]
[Result "1/2-1/2"]
[WhiteElo "1976"]
[BlackElo "2171"]
[PlyCount "112"]
[EventDate "2013.05.30"]
[Source "SK SW 2000"]
[SourceDate "2013.06.02"]

1. d4 Nf6 2. Nf3 g6 3. Bg5 Bg7 4. Nbd2 O-O 5. e4 d6 6. Bc4 a6 7. a4 b6 8. O-O
Bb7 9. Re1 h6 10. Bf4 e6 11. h3 Nbd7 12. c3 d5 13. exd5 Nxd5 14. Bh2 N7f6 15.
Ne5 c5 16. Ndf3 cxd4 17. Nxd4 Qc8 18. Bd3 Nd7 19. Nxd7 Qxd7 20. Be4 Rfe8 21.
Nf3 f5 22. Bc2 Qc6 23. Bb3 Rad8 24. Qe2 Kh7 25. Be5 Nf6 26. Qc4 Ne4 27. Qxc6
Bxc6 28. Bxg7 Kxg7 29. Rad1 Kf6 30. Rxd8 Rxd8 31. Nd4 Bd7 32. Bc4 e5 33. Nf3 b5
34. axb5 Bxb5 35. Bxb5 axb5 36. Ra1 Rd6 37. Kf1 g5 38. g4 Rb6 39. Ra8 Nd6 40.
Rf8+ Kg7 41. Nxe5 fxg4 42. hxg4 Ra6 43. Rd8 Ne4 44. Rd4 Nd6 45. Rb4 Kf6 46. Nf3
Ra1+ 47. Kg2 Ra2 48. Nd4 Nc4 49. Rxb5 Nxb2 50. Rf5+ Kg6 51. Rf8 Nd1 52. Nb5 Kg7
53. Rf3 Rc2 54. Kg3 Kg6 55. Nd4 Rxc3 56. Rxc3 Nxc3 1/2-1/2

[Event "23. Schweinfurt Open"]
[Site "Schweinfurt"]
[Date "2013.05.31"]
[Round "3.5"]
[White "Simon, Jonathan"]
[Black "Schmitt, Philipp"]
[Result "0-1"]
[WhiteElo "1954"]
[BlackElo "2158"]
[PlyCount "66"]
[EventDate "2013.05.30"]
[Source "SK SW 2000"]
[SourceDate "2013.06.02"]

1. d4 e6 2. Nf3 Nf6 3. Bg5 d5 4. e3 c5 5. c3 Nc6 6. Nbd2 Be7 7. Bd3 c4 8. Bc2
b5 9. O-O h6 10. Bh4 O-O 11. Re1 Bb7 12. e4 dxe4 13. Bxf6 Bxf6 14. Nxe4 Be7 15.
Re3 Qd5 16. Ng3 Rfd8 17. Qf1 Rac8 18. Rae1 Bf8 19. Ne2 b4 20. Ne5 Qb5 21. Nf4
bxc3 22. bxc3 Nxe5 23. Rxe5 Qb2 24. Be4 Bxe4 25. R5xe4 Qxc3 26. Rc1 Qb2 27. Qd1
Qxa2 28. Nh5 Rd5 29. Rh4 c3 30. f4 Qd2 31. Qf1 c2 32. Rg4 Qxd4+ 33. Kh1 Rxh5
0-1

[Event "23. Schweinfurt Open"]
[Site "Schweinfurt"]
[Date "2013.05.31"]
[Round "3.6"]
[White "Kuhn, Norbert"]
[Black "Kilian, Markus"]
[Result "1/2-1/2"]
[WhiteElo "2149"]
[BlackElo "1811"]
[PlyCount "56"]
[EventDate "2013.05.30"]
[Source "SK SW 2000"]
[SourceDate "2013.06.02"]

1. e4 g6 2. d4 d6 3. Nc3 Nf6 4. Be2 Bg7 5. h4 c5 6. dxc5 Qa5 7. Kf1 Qxc5 8. h5
O-O 9. Be3 Qb4 10. Qd2 Be6 11. Bh6 Qxb2 12. Rb1 Bxh6 13. Qxh6 Qxc3 14. Nh3 Bxh3
15. Rxh3 Qc5 16. hxg6 fxg6 17. Rbb3 Nbd7 18. Rbc3 Qxf2+ 19. Kxf2 Ng4+ 20. Ke1
Nxh6 21. Rxh6 Rac8 22. Rhh3 Rxc3 23. Rxc3 Nc5 24. e5 Rf4 25. exd6 exd6 26. Bf3
Rf5 27. Kd2 Kf7 28. Bxb7 Kf6 1/2-1/2

[Event "23. Schweinfurt Open"]
[Site "Schweinfurt"]
[Date "2013.05.31"]
[Round "3.7"]
[White "Ziegler, Michael"]
[Black "Leeb, Simon"]
[Result "1/2-1/2"]
[WhiteElo "2151"]
[BlackElo "1732"]
[PlyCount "54"]
[EventDate "2013.05.30"]
[Source "SK SW 2000"]
[SourceDate "2013.06.02"]

1. Nf3 c5 2. c4 Nc6 3. Nc3 g6 4. g3 Bg7 5. Bg2 e6 6. O-O Nge7 7. d3 O-O 8. a3
a6 9. Rb1 Rb8 10. Bd2 b5 11. cxb5 axb5 12. b4 cxb4 13. axb4 d5 14. e4 dxe4 15.
dxe4 e5 16. Be3 Be6 17. Bc5 Bc4 18. Re1 Qxd1 19. Rexd1 Rfe8 20. Bf1 Bxf1 21.
Kxf1 f5 22. Rd7 Bf8 23. Bd6 Rbd8 24. Rxd8 Rxd8 25. Nxb5 fxe4 26. Ng5 Nd5 27.
Bxf8 Rxf8 1/2-1/2

[Event "23. Schweinfurt Open"]
[Site "Schweinfurt"]
[Date "2013.05.31"]
[Round "3.8"]
[White "Heller, Thomas"]
[Black "Poßke, Thore"]
[Result "0-1"]
[WhiteElo "1801"]
[BlackElo "1900"]
[PlyCount "144"]
[EventDate "2013.05.30"]
[Source "SK SW 2000"]
[SourceDate "2013.06.02"]

1. d4 d5 2. Nf3 c6 3. Nbd2 Bf5 4. g3 Nf6 5. Bg2 Qc8 6. O-O Bh3 7. Re1 Bxg2 8.
Kxg2 e6 9. e4 Be7 10. e5 Nfd7 11. Nb3 h6 12. Be3 c5 13. c3 b6 14. a4 Nc6 15.
Qe2 Qb7 16. Reb1 O-O 17. h4 Rae8 18. Nh2 f6 19. f4 fxe5 20. fxe5 Ncxe5 21. Rf1
Nf7 22. Bf4 e5 23. Be3 exd4 24. cxd4 Bf6 25. Qd2 Re4 26. Rf4 Qc6 27. Rxe4 dxe4
28. dxc5 Nxc5 29. Nxc5 bxc5 30. Ng4 Ne5 31. Nxe5 Bxe5 32. Rd1 Rf3 33. Qd5+ Qxd5
34. Rxd5 Rxg3+ 35. Kf2 Rf3+ 36. Ke2 Bxb2 37. Rxc5 Rh3 38. h5 Rh2+ 39. Kf1 a6
40. Ra5 Kf7 41. Bg1 Bc3 42. Rc5 Rh3 43. Ke2 a5 44. Be3 Rh2+ 45. Kf1 Bb4 46. Re5
Ra2 47. Rxe4 Rxa4 48. Rf4+ Kg8 49. Rg4 Kh7 50. Ke2 Ra2+ 51. Kd3 Ra3+ 52. Ke4
Bc3 53. Rg2 Ra1 54. Kd3 Bf6 55. Bd2 a4 56. Kc4 Ra2 57. Rf2 Bg5 58. Be3 Rxf2 59.
Bxf2 Be7 60. Bd4 Kg8 61. Kb5 a3 62. Ka4 a2 63. Kb3 Bf6 64. Bxf6 gxf6 65. Kxa2
Kf7 66. Kb2 Ke6 67. Kc3 Kf5 68. Kd4 Kf4 69. Kd5 f5 70. Kd4 Kg3 71. Ke3 f4+ 72.
Ke2 Kg2 0-1

[Event "23. Schweinfurt Open"]
[Site "Schweinfurt"]
[Date "2013.05.31"]
[Round "3.9"]
[White "Yalcin, Alparslan"]
[Black "Helgert, Johannes"]
[Result "1-0"]
[WhiteElo "2027"]
[BlackElo "2024"]
[PlyCount "29"]
[EventDate "2013.05.30"]
[Source "SK SW 2000"]
[SourceDate "2013.06.02"]

1. e4 e6 2. d4 d5 3. Nc3 Nf6 4. e5 Nfd7 5. f4 c5 6. Nf3 Nc6 7. Be3 Be7 8. Qd2
O-O 9. dxc5 Nxc5 10. Nd4 Nxd4 11. Bxd4 a6 12. Qe3 Qc7 13. f5 Ne4 14. Nxe4 dxe4
15. f6 1-0

[Event "23. Schweinfurt Open"]
[Site "Schweinfurt"]
[Date "2013.05.31"]
[Round "3.10"]
[White "Müller, Kai"]
[Black "Krenz, Dieter"]
[Result "0-1"]
[WhiteElo "1481"]
[BlackElo "2028"]
[PlyCount "66"]
[EventDate "2013.05.30"]
[Source "SK SW 2000"]
[SourceDate "2013.06.02"]

1. e4 c5 2. Nf3 a6 3. d4 cxd4 4. Nxd4 Nf6 5. Nc3 e5 6. Nb3 Bb4 7. Bg5 Qc7 8.
Bxf6 Bxc3+ 9. bxc3 Qxc3+ 10. Qd2 Qxd2+ 11. Nxd2 gxf6 12. Nc4 Nc6 13. Nd6+ Ke7
14. Nf5+ Kf8 15. O-O-O d5 16. Rxd5 Be6 17. Rd6 Rc8 18. a3 Bxf5 19. exf5 Ke7 20.
Rd2 Nd4 21. Bd3 Nb3+ 22. Kd1 Nxd2 23. Kxd2 Rhd8 24. Ke3 Rc3 25. Rb1 b5 26. Rb3
Rxb3 27. cxb3 Kd6 28. h4 Rc8 29. Kd2 Kd5 30. f3 Kd4 31. Be4 Rc7 32. Bd3 Rc3 33.
Bc2 a5 0-1